00816cam a22002531 4500001001300000003000400013005001700017008004100034010002300075040003800098043001200136050002200148100005000170245008700220260002400307300002500331490003500356500001700391504003100408650003500439650003200474830003900506999001700545gs 52000035 DLC20260227111358.0770317s1951 dcub b f00000 eng c ags 52000035 //r892 aU.S. Geol. Survey. Libr.cakdDLC an-us-ak1 aQE75b.C5 no. 14610aBarnes, Farrell F.q(Farrell Francis),d1905-02aA review of the geology and coal resources of the Bering River coal field, Alaska.0 a[Washington]c1951. a11 p.bmaps.c26 cm.1 aGeological Survey circular 146 aCover title. a"References cited": p. 11. 0aGeologyzAlaskazBering River. 0aCoalzAlaskazBering River. 0aGeological Survey circular ;v146. c28608d28608